Southville International School and Colleges
Your cart is empty.
  • Cart
  • Lists
    Public lists Eva Luna New books Lux_list list_1
    Your lists Log in to create your own lists
  • Log in to your account
  • Your cookies
  • Search history
Southville International School and Colleges
  • Advanced search
  • Recent comments
  • Most popular
  • Libraries

Log in to your account

Log in with GOOGLE


If you do not have an external account, but do have a local account, you can still log in:

  1. Home
  2. MARC view: Farmer duck /
Normal view MARC view ISBD view

Farmer duck / (Record no. 103913)

[ view plain ]
MARC details
000 -LEADER
fixed length control field 00641nam a2200181 a 4500
005 - DATE AND TIME OF LATEST TRANSACTION
control field 20140412111309.0
008 - FIXED-LENGTH DATA ELEMENTS--GENERAL INFORMATION
fixed length control field 010404s19uu xx 00 eng d
020 ## - INTERNATIONAL STANDARD BOOK NUMBER
International Standard Book Number 0-7445-3660-X
050 ## - LIBRARY OF CONGRESS CALL NUMBER
Classification number TR(PS E
Item number Fa22 1991
100 ## - MAIN ENTRY--PERSONAL NAME
Personal name Waddell, Martin
245 ## - TITLE STATEMENT
Title Farmer duck /
Statement of responsibility, etc written by Martin ; illustrated by Helen Oxebury.
260 ## - PUBLICATION, DISTRIBUTION, ETC. (IMPRINT)
Place of publication, distribution, etc London :
Name of publisher, distributor, etc Walker Books,
Date of publication, distribution, etc 1991.
300 ## - PHYSICAL DESCRIPTION
Extent 1v. (unp.) ; ill.
500 ## - GENERAL NOTE
General note Winner of the Smarties Book Prize; British Book Awards Children's Illustrated Book of the Year; Highly Commended for the Kate Greenaway Medal.
650 ## - SUBJECT ADDED ENTRY--TOPICAL TERM
Topical term or geographic name as entry element Ducks-Stories
650 ## - SUBJECT ADDED ENTRY--TOPICAL TERM
Topical term or geographic name as entry element Farmers-Stories
Holdings
Withdrawn status Lost status Damaged status Home library Current library Shelving location Date acquired Source of acquisition Cost, normal purchase price Total Checkouts Full call number Barcode Date last seen Price effective from Koha item type
      Elizalde Library Elizalde Library Teachers Reference Section 04/04/2001   170.75   TR(PS E Fa22 1991 E6095 04/12/2014 04/12/2014 Books

Farmer duck /

APA

Waddell M., . (1991). Farmer duck. London: Walker Books.

Chicago

Waddell Martin, . 1991. Farmer duck. London: Walker Books.

Harvard

Waddell M., . (1991). Farmer duck. London: Walker Books.

MLA

Waddell Martin, . Farmer duck. London: Walker Books. 1991.

  • Place hold
  • Print
  • Cite
  • Add to your cart (remove)
  • Save record
    BIBTEX Dublin Core MARCXML MARC (non-Unicode/MARC-8) MARC (Unicode/UTF-8) MARC (Unicode/UTF-8, Standard) MODS (XML) RIS
  • More searches
    Search for this title in:
    Other Libraries (WorldCat) Other Databases (Google Scholar) Online Stores (Bookfinder.com) Open Library (openlibrary.org)

Exporting to Dublin Core...

SOUTHVILLE LIBRARY

Southville International School and Colleges Library

1281 Tropical Ave. Cor. Luxembourg St., BF Homes International, Las Pinas City

Tel. No. 8256374 / 252358 Loc. 117/146

Powered by Koha